Տօն Քիշօթ : (Record no. 535293)
[ view plain ]
| 000 -LEADER | |
|---|---|
| fixed length control field | 00860nam a2200217 a 4500 |
| 001 - CONTROL NUMBER | |
| control field | 1828437 |
| 003 - CONTROL NUMBER IDENTIFIER | |
| control field | AM-YeHGA |
| 005 - DATE AND TIME OF LATEST TRANSACTION | |
| control field | 20251103103918.0 |
| 008 - FIXED-LENGTH DATA ELEMENTS--GENERAL INFORMATION | |
| fixed length control field | 220408s1913 tu |||||||||||00||1 arm|d |
| 040 ## - CATALOGING SOURCE | |
| Original cataloging agency | AM-YeHGA |
| 041 1# - LANGUAGE CODE | |
| Language code of text/sound track or separate title | arm |
| 100 1# - MAIN ENTRY--PERSONAL NAME | |
| Personal name | Սերվանտես, |
| Dates associated with a name | 1547-1616 |
| 9 (RLIN) | 6772 |
| 245 10 - TITLE STATEMENT | |
| Title | Տօն Քիշօթ : |
| Remainder of title | Համառօտագրուած / |
| Statement of responsibility, etc. | Սէրվանթէս ; թարգմ. ՝Յովհ. Մ. Սէքսէնեան |
| 260 ## - PUBLICATION, DISTRIBUTION, ETC. | |
| Place of publication, distribution, etc. | Կ. Պոլիս : |
| Name of publisher, distributor, etc. | տպ. Քէշիշեան, |
| Date of publication, distribution, etc. | 1913. |
| 300 ## - PHYSICAL DESCRIPTION | |
| Extent | 86 էջ ; |
| Dimensions | 18,5 սմ. |
| 500 ## - GENERAL NOTE | |
| General note | Շարվ.՝ 14x9 սմ. |
| 500 ## - GENERAL NOTE | |
| General note | Բացակայում է «Հայ գիրքը 1901-1920թթ.» մատենագիտությունից |
| 650 14 - SUBJECT ADDED ENTRY--TOPICAL TERM | |
| Topical term or geographic name entry element | Իսպանական գրականություն |
| General subdivision | Վեպ |
| 700 1# - ADDED ENTRY--PERSONAL NAME | |
| Personal name | Սէքսէնեան, Յովհաննէս Մ. |
| Relator term | թարգ. |
| Relationship | trl |
| Relator term | առաջաբ. |
| Relationship | aui |
| 942 ## - ADDED ENTRY ELEMENTS (KOHA) | |
| Source of classification or shelving scheme | Universal Decimal Classification |
| Koha item type | Գրքեր / Books |
| Withdrawn status | Lost status | Source of classification or shelving scheme | Damaged status | Not for loan | Collection | Home library | Current library | Date acquired | Total checkouts | Full call number | Barcode | Date last seen | Price effective from | Koha item type | Public note |
|---|---|---|---|---|---|---|---|---|---|---|---|---|---|---|---|
| Universal Decimal Classification | Zhamkochyan Individual collection | Fundamental Scientific Library | Fundamental Scientific Library | 05/06/2025 | Ժամ/794 | FL0693458 | 05/06/2025 | 05/06/2025 | Գրքեր / Books | ILL Non-Circ. |
ՀՀ Գիտությունների ազգային ակադեմիայի հիմնարար գիտական գրադարան = Fundamental Scientific Library of NAS RA
All site content, except where otherwise noted, is licensed under a